[Event "19th Prague Open-A 2020"]
[Site "Prague"]
[Date "2020.01.15"]
[Round "7.1"]
[White "Liu, Zhaoqi"]
[Black "Quesada Perez, Luis Ernesto"]
[Result "0-1"]
[WhiteElo "2328"]
[BlackElo "2491"]
[Annotator "TA"]
[PlyCount "120"]
[EventDate "2020.01.10"]
[EventType "swiss"]
[EventCountry "CZE"]
[SourceTitle "playchess.com"]
[Source "ChessBase"]
[SourceQuality "1"]

{[%evp 15,120,0,40,0,0,0,0,-87,-81,-92,-87,-82,-39,-59,-17,-17,-16,-23,-15,-14,-12,-12,-12,-12,-12,-12,-11,-17,-11,-10,-10,-12,-7,-12,-8,-14,-15,-97,-102,-98,-110,-161,-101,-97,-70,-65,-70,-162,-162,-162,-160,-162,-168,-166,-156,-173,-147,-165,-163,-245,-190,-222,-220,-493,-659,-866,-845,-800,-713,-764,-733,-1504,-1434,-1480,-1390,-1332,-1204,-7053,-6043,-29972,-29944,-29943,-5539,-29968,-29969,-29969,-29970,-29968,-29971,-29971,-29972,-29972,-29973,-29973,-29974,-29974,-29975,-29975,-29976,-29976,-29977,-29978,-29979,-29980,-29981,-29981,-29982]} 1. c4 f5 2. Nc3 Nf6 3. g3 g6 4. Bg2 Bg7 5. e3 O-O 6. Nge2 e5 7. O-O d6 8. d4 Nc6 {[%cal Bb8c6,Bc6d4,Bd4e2][%mdl 32]} 9. dxe5 {A25: English Opening vs King's Indian with ...Nc6 but without early d3} (9. Rb1 a5 10. a3 Kh8 11. b4 axb4 12. axb4 Ne7 13. Qb3 c6 14. Rd1 e4 15. f3 d5 16. cxd5 Nexd5 17. Nxd5 Nxd5 {0-1 (41) Reinderman,D (2573)-L'Ami,E (2615) Delft 2013}) 9... dxe5 10. e4 Nd4 $146 ({Predecessor:} 10... fxe4 11. Nxe4 Nxe4 12. Bxe4 Qf6 13. Bg2 Be6 14. Qc2 Rad8 15. Be3 Nd4 16. Nxd4 exd4 17. Bf4 c6 18. Rab1 Bf5 19. Be4 {0-1 (19) Luetzen,P-Walgenbach,M Passau 1997}) 11. f4 (11. exf5 $11 Bxf5 12. Nxd4 exd4 13. Nb5) 11... Nxe4 $17 12. fxe5 Nxe2+ 13. Qxe2 Qd4+ (13... Bxe5 $6 14. Nxe4 fxe4 15. Rxf8+ Qxf8 16. Bxe4 $11) 14. Kh1 {[%cal Rc3e4]} Be6 (14... Bxe5 15. Nxe4 fxe4 16. Rxf8+ Kxf8 17. Bh6+ Kf7 18. Rf1+ (18. Qxe4 Qxe4 19. Bxe4 Bh3 $11) (18. Bxe4 Be6 $16) 18... Bf6 19. Bg5 $18 (19. Bxe4 Be6 $16) (19. Qxe4 Qxe4 20. Bxe4 Bh3 $11)) (14... Nxc3 {feels hotter.} 15. bxc3 Qc5 16. Bf4 c6 17. Rab1 h6) 15. Nxe4 fxe4 16. Rxf8+ Rxf8 (16... Bxf8 {with more complications.} 17. Bf4 Bxc4 18. Qxe4 Qxe4 19. Bxe4 Be6) 17. Bf4 Bxc4 18. Qxe4 Qxe4 19. Bxe4 c6 20. Rd1 Re8 21. Bf3 Kf7 (21... Bxe5 $2 22. Re1 $18) 22. b3 $1 {[%cal Rb3c4]} Be6 23. Kg2 a5 24. h4 Ra8 25. Rb1 Rd8 26. b4 (26. h5 $11) 26... a4 $1 ({Much worse is} 26... Bxa2 $6 27. Rb2 $11) 27. b5 Bxa2 28. Rb4 {[#]} (28. Ra1 $17 {was necessary.} Bb3 29. bxc6 bxc6 30. Bxc6) 28... cxb5 ({Black should try} 28... a3 $1 $19 29. bxc6 bxc6) 29. Rxb5 Rd7 {aiming for ...a3.} 30. Ra5 Bb3 $1 31. e6+ (31. Ra7 $15) 31... Kxe6 $19 32. Bg4+ Ke7 33. Bg5+ Kd6 {Hoping for ...Rf7.} 34. Bxd7 Kxd7 {[%mdl 4096] Endgame KRB-KB} 35. Ra7 Kc6 36. Kf3 Bf8 37. Bc1 (37. Ra8 $142 Bb4 38. Ke4) 37... h5 38. Ra8 Bd6 39. Bf4 $2 (39. Bg5) 39... Bxf4 40. Kxf4 {KR-KB} Kb5 41. Ra7 b6 42. Ke3 Kb4 43. Ra6 b5 {[%cal Bb6b5,Bb5b4,Bb4b3,Bb3b2][%mdl 32]} 44. Kd2 a3 45. Kc1 Bd5 46. Kb1 Kb3 47. Ka1 b4 48. g4 Kc3 {( -> ...b3)} 49. gxh5 gxh5 {Black mates.} 50. Ra5 Bc4 51. Ra7 b3 52. Rxa3 Bf1 ({Weaker is} 52... Kc2 53. Ra2+ bxa2 $11) 53. Kb1 Bb5 54. Kc1 Bd3 55. Kd1 Kb4 56. Ra7 b2 57. Rb7+ Kc3 58. Rc7+ {[#]} Kd4 $1 ({Worse is} 58... Bc4 59. Rxc4+ Kb3 60. Rc1 $11) 59. Rd7+ Ke3 {[%cal Rb2b1]} 60. Re7+ Kf4 {Accuracy: White = 47%, Black = 90%.} 0-1

[Event "19th Prague Open-A 2020"]
[Site "Prague"]
[Date "2020.01.15"]
[Round "7.2"]
[White "Stankovic, Milos"]
[Black "Czerw, Dawid"]
[Result "1/2-1/2"]
[WhiteElo "2466"]
[BlackElo "2262"]
[Annotator "TA"]
[PlyCount "78"]
[EventDate "2020.01.10"]
[EventType "swiss"]
[EventCountry "CZE"]
[SourceTitle "playchess.com"]
[Source "ChessBase"]
[SourceQuality "1"]

{[%evp 9,78,-4,4,8,33,32,19,15,12,16,10,9,45,11,14,16,11,12,12,-39,-40,-39,2,3,5,16,30,4,18,0,0,-7,26,0,15,0,0,0,0,0,0,0,0,-38,0,0,0,0,0,0,0,0,1502,0,0,0,0,0,0,-280,0,0,0,0,0,0,0,0,0,0,0]} 1. e4 c5 2. Nf3 e6 3. b3 b6 4. Bd3 (4. Bb2 Bb7 5. Qe2 Nc6 6. g3 Nf6 7. Bg2 d6 8. O-O e5 9. Nc3 g6 10. Nd5 Bg7 11. c4 O-O 12. d3 Bc8 13. h3 {½-½ (63) Akopian,V (2650)-Inarkiev,E (2693) St Petersburg 2018}) 4... Bb7 5. O-O d6 6. Bb2 $146 {B40: Sicilian: 2...e6, Unusual lines} ({Predecessor:} 6. Re1 Nd7 {½-½ (40) Pridorozhni,A (2589)-Makarian,R (2343) Voronezh 2018}) 6... Nd7 7. Re1 Ngf6 8. c3 Be7 9. Bc2 O-O 10. d4 cxd4 11. cxd4 d5 {[%cal Rf6e4]} 12. e5 $1 {[%cal Re5f6]} Ne4 13. Nfd2 {[%cal Rd2e4]} f5 14. exf6 (14. f3 $11) 14... Ndxf6 $15 15. f3 Nxd2 16. Nxd2 Bd6 17. Nf1 Qd7 18. Qd3 Rae8 19. Ng3 g6 20. Rac1 Qd8 21. Re2 Qb8 22. Rce1 Bxg3 23. hxg3 Qxg3 24. Ba3 Nh5 {[%cal Bf6h5,Bh5f4,Bf4e2][%mdl 32]} 25. Bxf8 Nf4 26. Qd2 {Strongly threatening Bh6.} Nxe2+ 27. Rxe2 Kxf8 28. Qh6+ Kg8 29. Re5 {And now Rg5! would win.} Re7 $1 30. Rg5 $1 {[%cal Rg5g3]} Qe1+ 31. Kh2 Rg7 $1 32. Re5 $40 {[%mdl 128] White is up to no good.} Qc3 {[%mdl 64] [#] Double Attack} 33. Rxe6 Qxc2 34. Re8+ Kf7 {aiming for ...Qc7+.} 35. Re7+ $1 {[%mdl 64] Decoy. The position is equal.} Kxe7 36. Qxg7+ Kd8 {...Qc7+ is the strong threat.} 37. Qxb7 {[%mdl 64] [#] Double Attack} Qc7+ 38. Qxc7+ Kxc7 39. Kg3 {Threatens to win with Kf4.} Kd6 {Accuracy: White = 65%, Black = 62%.} 1/2-1/2

[Event "19th Prague Open-A 2020"]
[Site "Prague"]
[Date "2020.01.15"]
[Round "7.3"]
[White "Strebkovs, Andrejs"]
[Black "Budnikov, Oleg"]
[Result "0-1"]
[WhiteElo "2278"]
[BlackElo "2432"]
[Annotator "TA"]
[PlyCount "76"]
[EventDate "2020.01.10"]
[EventType "swiss"]
[EventCountry "CZE"]
[SourceTitle "playchess.com"]
[Source "ChessBase"]
[SourceQuality "1"]

{[%evp 23,76,35,48,19,38,-17,0,-21,-25,-24,-20,-20,0,0,0,0,0,0,8,0,8,31,87,89,90,0,0,-108,-105,-99,0,0,0,0,0,0,0,0,0,0,0,-26,-41,-539,-542,-516,-511,-516,-531,-496,-462,-468,-474,-5393,-5349]} 1. d4 g6 2. e4 d6 3. c4 Bg7 4. Nc3 Nf6 5. Be2 O-O 6. Nf3 Nbd7 7. O-O e5 8. Re1 c6 9. Rb1 exd4 10. Nxd4 Nc5 11. Bf1 Re8 12. f3 a5 13. b3 {E96: King's Indian: Classical: 7...Nbd7 8 Re1 c6 9 Bf1 a5} (13. Be3 a4 14. Qd2 Nh5 15. Rbd1 Be5 16. g4 Ng7 17. Nxc6 bxc6 18. Bxc5 Bxg4 19. Bxd6 Bxf3 20. Bxe5 Qxd2 21. Rxd2 Rxe5 {½-½ (45) Ivkov,B (2420)-Sargissian,G (2693) Valjevo 2012}) 13... Nh5 14. g4 ({Better is} 14. Be3 $14) 14... Nf6 15. Be3 {The position is equal.} h5 {[%cal Rh5g4]} 16. h3 $146 ({Predecessor:} 16. g5 Nfd7 17. Rb2 Ne5 18. h3 Ne6 19. Nxe6 Bxe6 20. Rc2 f6 21. f4 Nf7 22. f5 gxf5 23. g6 Ng5 24. Qxh5 fxe4 25. Bxg5 Bf5 26. Qh7+ Kf8 27. Bh6 {1-0 (27) Ubiennykh,E (2308)-Kineva,E (2130) Barnaul 2011}) 16... hxg4 17. hxg4 Nfxe4 18. Nxe4 Nxe4 19. fxe4 Rxe4 20. Qd2 Rxg4+ 21. Bg2 Qh4 {[%cal Rg4d4]} 22. Nf3 Qh5 (22... Qh8 $1 $14) 23. Nh2 $1 $16 {[%cal Rh2g4]} Rh4 24. Bf4 (24. Qxd6 $16 Bf5 25. Bf2) 24... Bh3 25. Qxd6 (25. Bxh3 $11 {keeps the balance.} Rxh3 26. Re3 (26. Qxd6 g5 $16) (26. Bxd6 Bc3 $17)) 25... Bxg2 $17 26. Kxg2 Qf5 (26... a4 $1 $17 {[%cal Ra4b3] Strongly threatening ...axb3.} 27. Kg1 Bf8) 27. Bg3 $11 Qh3+ 28. Kh1 $1 Rd4 ({Much weaker is} 28... Rg4 $6 29. Rg1 $16) 29. Qc7 $1 {[%cal Rc7b7]} Rd2 {[%csl Gd2][%cal Rh3g2]} 30. Rg1 Re8 {Hoping for ...Rxh2+!} 31. Rbf1 (31. Qxa5 {gets mated.} Rxh2+ $1 {[%mdl 512]} 32. Bxh2 Re2 33. Qd8+ Bf8 34. Rxg6+ fxg6 35. Qxf8+ Kxf8 36. Rf1+ Qxf1+ 37. Bg1 Qg2#) 31... f5 $1 {aiming for ...Rxh2+!} 32. Qf4 (32. Qxa5 $2 Ree2 $1 $17 {[%mdl 512]}) 32... Ree2 $40 {[%mdl 128] Threatens to win with ...g5. White needs to defend precisely.} 33. Bf2 $2 {[%mdl 8192] [#]} ({White has to play} 33. Rf2 $1 $15) 33... Be5 $1 $19 {[%mdl 512] Black is clearly winning.} 34. Rxg6+ {[#]} Kf7 $1 {[%mdl 512]} 35. Qh6 Qxh6 ({Stronger than} 35... Rxf2 {[#]} 36. Rf6+ $1 {[%mdl 512]} Bxf6 37. Qxh3 $18) 36. Rxh6 {Black must now prevent Nf3.} Rxf2 37. Rxf2 Rxf2 38. Rh3 (38. c5 $142 Bd4 39. a4) 38... Rxh2+ {Accuracy: White = 28%, Black = 63%.} 0-1

[Event "19th Prague Open-A 2020"]
[Site "Prague"]
[Date "2020.01.15"]
[Round "7.4"]
[White "Low, Zhen Yu Cyrus"]
[Black "Ochedzan, Tymon"]
[Result "1-0"]
[WhiteElo "2415"]
[BlackElo "2140"]
[Annotator "TA"]
[PlyCount "59"]
[EventDate "2020.01.10"]
[EventType "swiss"]
[EventCountry "CZE"]
[SourceTitle "playchess.com"]
[Source "ChessBase"]
[SourceQuality "1"]

{[%evp 10,58,11,8,14,17,49,31,45,19,25,18,14,25,16,14,25,25,34,17,22,29,18,12,73,68,78,69,82,78,225,227,756,744,796,630,871,858,933,866,920,753,29992,29993,29993,29994,29996,29997,29998,29999,29999]} 1. e4 c5 2. Nc3 Nc6 3. Bb5 Nd4 4. Nf3 Nxb5 5. Nxb5 d6 6. d4 ({Predecessor:} 6. O-O a6 7. Nc3 Nf6 8. d4 cxd4 9. Qxd4 e5 10. Qd3 h6 11. Nd2 {0-1 (47) Wyder,B (2045)-Korabliov,A ICCF email 2009}) 6... cxd4 $146 {B23: Closed Sicilian: Lines without g3} (6... Nf6 7. Qd3 a6 8. Nc3 cxd4 9. Nxd4 e6 10. Bg5 Be7 11. O-O-O Qc7 12. f4 b5 13. a3 O-O 14. h4 {½-½ (31) Safarli,E (2681)-Tabatabaei,M (2590) Bandar e Anzali 2019}) 7. Qxd4 {aiming for Qc3.} a6 8. Nc3 e5 {White is slightly better.} 9. Qd3 (9. Qb4 {is interesting.} Ne7 10. O-O Nc6 11. Qb3 Na5 12. Qd5) 9... Be7 10. O-O h6 11. Nd2 Nf6 12. Nc4 b5 13. Ne3 $36 {[%mdl 2048] White has the initiative.} O-O 14. a4 b4 15. Ncd5 a5 16. Rd1 Bb7 (16... Nxd5 $11 17. Nxd5 Bg4) 17. Nxe7+ $16 {[%mdl 64] Discovered Attack} Qxe7 18. Nf5 Qe6 $1 {[#]} 19. Qg3 $1 {[%csl Gf5][%cal Rg3g7][%mdl 512]} Nh5 (19... g6 $16) 20. Qg4 $18 g6 $2 (20... Rfd8 21. Nxh6+ (21. Qxh5 Bxe4 22. Ne3 d5 $16) 21... Kh7) 21. Rxd6 Nf6 22. Qe2 (22. Rxe6 Nxg4 23. Nxh6+ Nxh6 $14) 22... Ba6 23. Qf3 ({Less strong is} 23. Rxe6 Bxe2 24. Rxf6 (24. Nxh6+ Kg7 $18) 24... gxf5 $18) 23... Qc4 24. Bxh6 {Ne7+ would kill now.} Nxe4 {[#]} 25. Rc6 $1 {[%mdl 512]} Nd2 (25... Qxc6 26. Ne7+) 26. Ne7+ {White mates.} Kh7 {[#]} 27. Qf6 $1 {[%csl Gh6][%cal Rf6g7]} Kxh6 28. Rxc4 Bxc4 29. Nf5+ Kh5 30. Qh4# {Accuracy: White = 90%, Black = 28%.} 1-0

[Event "19th Prague Open-A 2020"]
[Site "Prague"]
[Date "2020.01.15"]
[Round "7.5"]
[White "Foo, William J"]
[Black "Lalic, Bogdan"]
[Result "0-1"]
[WhiteElo "2186"]
[BlackElo "2402"]
[Annotator "TA"]
[PlyCount "46"]
[EventDate "2020.01.10"]
[EventType "swiss"]
[EventCountry "CZE"]
[SourceTitle "playchess.com"]
[Source "ChessBase"]
[SourceQuality "1"]

{[%evp 9,74,-25,20,5,4,12,10,-13,-7,-36,-37,-10,-4,-51,-47,-63,-67,-112,-48,-49,-43,-49,-39,-51,-41,-84,-83,-83,-88,-88,-90,-100,-76,-134,-134,-137,-135,-132,-128,-158,-159,-161,-162,-158,-158,-159,-164,-203,-197,-202,-193,-200,-178,-291,-278,-432,-416,-568,-515,-520,-302,-304,-293,-388,-343,-382,-381]} 1. d4 Nf6 2. g3 c5 3. Nf3 cxd4 4. Nxd4 Nc6 5. Bg2 g6 6. e4 {A04: Unusual lines after 1 Nf3 and King's Indian Attack} Nxd4 7. Qxd4 d6 $1 8. h3 {The position is equal.} Bg7 9. Be3 O-O 10. Qd2 {[#]} d5 $1 {[%mdl 512]} 11. exd5 Nxd5 12. Bd4 {[#] aiming for Bxg7.} Nf4 $1 {[%mdl 512]} 13. Qxf4 {[#] And now Bxg7 would win.} Bxd4 ({Much less strong is} 13... Qxd4 14. Qxd4 Bxd4 15. c3 $15) ({Black should play} 13... e5 $1 $17 {[%cal Re5f4]} 14. Qc1 (14. Bxe5 $2 Bxe5 15. Qc1 Bxb2 $19) 14... exd4) 14. c3 $1 $15 {[%cal Rc3d4]} Bg7 15. Nd2 Be6 16. O-O Qb6 17. Nc4 Qb5 18. b3 Rac8 19. Qe3 b6 20. Rac1 Qa6 21. Rc2 ({Better is} 21. Ne5) 21... Bxc4 $17 22. bxc4 e6 ({Resist} 22... Qxc4 23. Qxe7 Rc7 24. Qd6 $15) 23. Rd1 Qxc4 {Played: Qa6-a4} 0-1

[Event "19th Prague Open-A 2020"]
[Site "Prague"]
[Date "2020.01.15"]
[Round "7.6"]
[White "Sharma Isha"]
[Black "Peng, Hongchi"]
[Result "0-1"]
[WhiteElo "2169"]
[BlackElo "2362"]
[Annotator "TA"]
[PlyCount "86"]
[EventDate "2020.01.10"]
[EventType "swiss"]
[EventCountry "CZE"]
[SourceTitle "playchess.com"]
[Source "ChessBase"]
[SourceQuality "1"]

{[%evp 9,88,-7,0,-18,0,9,25,14,45,48,53,42,57,31,44,31,26,31,52,52,51,64,85,75,68,41,100,34,88,91,87,64,104,15,36,-11,-8,-22,-12,-26,0,-12,0,-8,0,-41,5,0,0,0,0,0,56,67,71,63,104,67,75,72,70,41,31,39,32,40,72,67,91,61,189,14,18,20,52,-29987,-29988,-29988,-29989,-29989,-29990]} 1. e4 c5 2. Nf3 d6 3. Bb5+ Nc6 4. Bxc6+ bxc6 5. e5 dxe5 6. Nxe5 {B51: Sicilian: Moscow Variation (3 Bb5+) without 3...Bd7} Qd5 (6... f6 7. Qh5+ g6 8. Nxg6 hxg6 9. Qxh8 Qd5 10. O-O Kf7 11. Nc3 Qd4 12. d3 Bg7 {1-0 (21) Caruana,F (2787)-Nakamura,H (2793) Saint Louis 2015}) 7. Nf3 $1 Qe4+ 8. Kf1 {White has an edge.} Ba6+ $146 ({Predecessor:} 8... Nf6 9. d3 Qf5 10. Nbd2 g6 11. b3 Bg7 12. Bb2 O-O {1-0 (39) Hou,Y (2658)-Zwirs,N (2413) Germany 2018}) 9. d3 Qf5 10. Qe2 Rd8 {[%cal Rd8d3]} 11. Ne5 Nf6 12. Nd2 ({Worse is} 12. Nxc6 c4 $17) 12... Nd5 {Black wants to play ...Nb4.} 13. Ndc4 Bxc4 14. Nxc4 g6 15. h4 Bg7 16. h5 O-O 17. Bd2 Rfe8 (17... Nb6 $14) 18. a3 (18. Re1 $16) 18... e5 ({Better is} 18... Nb6 $1 $14) 19. Re1 $16 Nf6 20. h6 Bh8 21. Ne3 (21. Rh4 $16) 21... Qd7 22. Bc3 Nd5 23. Ba5 Rb8 24. Nc4 Re7 25. Qf3 f5 26. Bd2 Rbe8 27. Bg5 Rf7 28. Qg3 f4 29. Qh3 Rf5 30. Nd2 Bf6 ({Black should try} 30... Nc7 $11) 31. Bxf6 $14 Nxf6 32. Ne4 $36 {[%mdl 2048] Strongly threatening Nxf6+. White has good play.} Qd4 33. Nxf6+ Rxf6 34. Re4 $1 {[%cal Re4d4]} Qd5 ({Not} 34... Qxb2 $2 35. Qd7 $1 $18 {[%mdl 512]}) 35. b3 {[%cal Bb2b3,Bb3c4][%mdl 32]} c4 $1 {[%cal Rc4b3]} 36. bxc4 ({Of course not} 36. Rxc4 e4 $17) 36... Qd6 37. Ke2 Rb8 38. Rd1 Rb2 39. Rd2 Rf5 (39... c5 $1 $14) 40. a4 $2 ({Only move:} 40. d4 $18) 40... Qa3 41. Qh4 {Threatens to win with Qd8+.} Rb8 42. d4 $2 {[%mdl 8192] [#]} (42. f3 $14) 42... f3+ $1 {Black mates.} 43. gxf3 Qxf3+ 0-1

[Event "19th Prague Open-A 2020"]
[Site "Prague"]
[Date "2020.01.15"]
[Round "7.7"]
[White "Vignesh B"]
[Black "Domogaev, Sergey"]
[Result "1-0"]
[WhiteElo "1912"]
[BlackElo "2334"]
[Annotator "TA"]
[PlyCount "119"]
[EventDate "2020.01.10"]
[EventType "swiss"]
[EventCountry "CZE"]
[SourceTitle "playchess.com"]
[Source "ChessBase"]
[SourceQuality "1"]

{[%evp 16,119,20,43,33,19,33,24,48,37,35,30,31,35,41,47,37,35,73,57,59,53,74,62,57,38,51,47,77,82,101,81,81,83,83,83,90,83,91,91,91,91,91,91,98,93,92,92,107,107,109,69,69,0,108,96,101,98,123,128,128,115,120,120,134,129,158,163,239,176,310,309,294,280,415,413,368,391,439,426,410,402,647,670,643,590,666,642,608,568,1441,1260,2321,1424,1417,1412,1110,950,29961,29960,29971,29972,29972,29972,29972,29975]} 1. e4 e5 2. Nf3 Nc6 3. Bc4 Nf6 4. d3 h6 5. c3 d6 6. Bb3 g6 7. O-O Bg7 8. Re1 O-O 9. Nbd2 Nh5 {C55: Two Knights: 4 d3, 4 d4 exd4 5 e5 and Max Lange Attack} (9... Re8 10. Nf1 Be6 11. h3 d5 12. Ng3 Qd7 13. Ba4 Nh7 14. d4 exd4 15. Nxd4 Rad8 16. Be3 dxe4 17. Nxc6 bxc6 18. Nxe4 {½-½ (33) Anand,V (2782)-Ponkratov,P (2613) Riadh 2017}) 10. Nf1 a6 11. h3 Be6 $146 {White has an edge.} ({Predecessor:} 11... Kh7 12. g4 Nf4 13. d4 Nxh3+ {1-0 (45) Coman,A (1081)-Botea,D (1675) Calimanesti 2018}) 12. d4 Bxb3 13. Qxb3 exd4 14. cxd4 Nxd4 15. Nxd4 Bxd4 16. Bxh6 Qh4 {[#]} 17. Be3 $1 {[%cal Re3d4]} Bxe3 18. Nxe3 Rab8 19. Rac1 c6 20. Nc4 Rfd8 21. Rcd1 d5 22. exd5 cxd5 23. Ne3 Nf6 24. Nxd5 Nxd5 25. Rxd5 Rxd5 26. Qxd5 $16 {[%mdl 4096] Endgame KQR-KQR} Qf6 27. Qe5 Qxe5 28. Rxe5 {KR-KR} Rc8 29. Re2 Kf8 30. Kh2 Rc5 31. Kg3 Rg5+ 32. Kf3 Rc5 33. Re3 Rc2 34. Re2 Rc5 $1 35. a3 Kg7 36. Ke4 Rg5 37. g3 Rc5 38. Kd4 Rc1 39. h4 Kf6 40. Kd5 Rc7 41. a4 Rc1 (41... Rd7+ $142 42. Kc5 Rc7+ 43. Kb6 Rc4) 42. Re4 a5 (42... Rc2 {keeps fighting.}) 43. Rc4 $18 Rb1 44. Rc2 Re1 (44... Ra1 $142 45. Rc7 Rxa4) 45. Kc5 Re4 46. Kb5 Rb4+ 47. Kxa5 Rb3 48. Rc4 b6+ (48... Rxb2 $142 49. Rb4 Ra2) 49. Ka6 Rxb2 50. Rc6+ Kf5 {and the idea ...Rb4 leaves Black hopeful.} 51. Rxb6 Rxf2 52. Rb3 Kg4 53. a5 f5 54. Kb7 f4 55. gxf4 Rxf4 56. Rb6 Kf5 57. Rb5+ {White mates.} Kf6 58. h5 gxh5 59. Rxh5 Ke6 60. a6 {Accuracy: White = 85%, Black = 35%.} 1-0

[Event "19th Prague Open-A 2020"]
[Site "Prague"]
[Date "2020.01.15"]
[Round "7.8"]
[White "Vokac, Marek"]
[Black "Wang, Yukun"]
[Result "1/2-1/2"]
[WhiteElo "2334"]
[BlackElo "1990"]
[Annotator "TA"]
[PlyCount "85"]
[EventDate "2020.01.10"]
[EventType "swiss"]
[EventCountry "CZE"]
[SourceTitle "playchess.com"]
[Source "ChessBase"]
[SourceQuality "1"]

{[%evp 15,85,20,41,35,38,33,45,30,48,38,33,33,37,37,29,0,8,0,4,0,33,33,33,26,33,33,33,33,33,33,33,33,33,33,33,33,33,33,33,0,33,33,33,33,33,33,33,33,35,24,27,20,29,20,20,14,21,0,6,3,14,5,10,10,10,0,0,0,10,10,14,0]} 1. Nf3 Nf6 2. c4 c6 3. b3 d5 4. Bb2 g6 5. g3 Bg7 6. Bg2 O-O 7. O-O a5 8. d3 Na6 9. a3 {A11: English Opening: 1...c6} Bg4 10. Nbd2 Bxf3 11. Bxf3 {White is slightly better.} (11. Nxf3 e6 12. Qc2 Qb6 13. Rab1 Rfd8 14. Bc3 Nd7 15. d4 Nc7 16. Rfd1 Ne8 {½-½ (71) Rozum,I (2586)-Kamsky,G (2676) Sochi 2017}) 11... e6 12. Qc2 Nd7 13. Bxg7 Kxg7 14. Qb2+ $146 ({Predecessor:} 14. d4) 14... Qf6 15. Qxf6+ Nxf6 16. d4 Rfd8 17. cxd5 Nxd5 18. Nc4 Nac7 19. Rfc1 h5 20. h4 Ra6 21. e3 Nb5 22. Rc2 Kf8 23. Nb2 Raa8 24. Na4 Ndc7 25. Nc5 Ra7 26. Nd3 Nd6 27. Nc5 Ndb5 28. Be2 Ke7 29. Nd3 Raa8 30. Ne5 Nd6 31. Bd3 Nd5 32. Rac1 Nf6 33. Kg2 Nd7 34. Nxd7 (34. Nc4 {is more complex.} Nxc4 35. bxc4 c5 36. Rb2 cxd4 37. exd4 b6 38. c5) 34... Rxd7 {The position is equal.} 35. Kf3 Ne8 36. Ke2 Nf6 37. Rc5 Nd5 38. f3 Nf6 39. R1c2 Rdd8 40. Rb2 Nd7 41. Rc1 Kd6 42. Rd2 Ke7 43. f4 {Accuracy: White = 50%, Black = 68%.} 1/2-1/2

[Event "19th Prague Open-A 2020"]
[Site "Prague"]
[Date "2020.01.15"]
[Round "7.9"]
[White "Douriet Duany, Alexis"]
[Black "Cernousek, Lukas"]
[Result "0-1"]
[WhiteElo "2212"]
[BlackElo "2447"]
[Annotator "TA"]
[PlyCount "108"]
[EventDate "2020.01.10"]
[EventType "swiss"]
[EventCountry "CZE"]
[SourceTitle "playchess.com"]
[Source "ChessBase"]
[SourceQuality "1"]

{[%evp 9,110,10,12,0,12,10,16,12,14,9,18,21,40,43,52,42,45,38,42,50,68,37,93,90,95,107,121,32,43,39,27,2,38,-98,-98,-107,-112,-112,-125,-204,-102,-95,-100,-92,-100,-92,-91,-106,-82,-206,-199,-328,-304,-313,-318,-417,-275,-264,-243,-253,-245,-220,-184,-259,-255,-258,-258,-258,-257,-252,-247,-249,-249,-248,-248,-251,-251,-250,-203,-466,-379,-369,-206,-559,-539,-462,-456,-641,-545,-569,-400,-529,-518,-516,-534,-507,-488,-29991,-29992,-29992,-29993,-29993,-29993]} 1. d4 c5 2. e3 Nf6 3. Nf3 g6 4. dxc5 Qa5+ 5. Nbd2 Bg7 6. Be2 {A48: 1 d4 Nf6 2 Nf3 g6: Torre, London and Colle Systems} O-O 7. a3 Qxc5 8. b4 {The position is equal.} Qb6 9. Bb2 d6 10. O-O Bd7 11. c4 $36 {[%mdl 2048] White has the initiative.} Rc8 12. Qb3 a5 13. Ng5 {aiming for c5.} Qd8 14. c5 d5 15. e4 h6 (15... e6 $14) 16. Nxf7 $1 $16 Kxf7 17. exd5 Kf8 18. Bc4 (18. Rae1 $16) 18... axb4 $14 19. axb4 Rxa1 20. Rxa1 Be8 21. Nf3 (21. Bd4 $14 {keeps the upper hand.}) 21... b5 $17 22. cxb6 Qxb6 23. Bd4 Qc7 $1 {[%cal Rc7c4]} 24. Bc5 (24. Bd3 $17 {was necessary.}) 24... Nfd7 ({Better is} 24... Nbd7 $1 $19 {[%cal Rd7c5]} 25. d6 Nxc5 26. bxc5 exd6) 25. Ra7 Qf4 26. g3 Qc1+ 27. Kg2 {And now d6 would win.} Nxc5 28. bxc5 Rxc5 29. Qxb8 (29. Bd3 $17 Nd7 30. d6 $1 {[%mdl 512]}) 29... Qxc4 $19 ({Don't go for} 29... Rxc4 $2 {[#]} 30. Qd8 $1 $18 {[%mdl 512]}) 30. Ra8 (30. d6 $142 exd6 31. Rxg7 (31. Qxd6+ $2 Kg8 $19) 31... Kxg7 32. Qxe8) 30... Qb5 31. Qf4+ Kg8 32. Qe4 Qd7 33. Qxg6 Rc8 34. Rxc8 Qxc8 35. Qe4 Qd7 {Strongly threatening ...Bf7.} 36. Ne5 (36. Nh4 $142) 36... Bxe5 37. Qxe5 Bf7 38. Qb8+ Kh7 39. Qb1+ Bg6 40. Qd1 Be4+ 41. f3 Bxd5 ({But not} 41... Qxd5 42. Qe2 $17) 42. Qd3+ Kg7 43. Qc3+ Kg8 44. h4 $2 (44. Qe5 {was called for.}) 44... Qe6 {Hoping for ...Qe2+.} 45. Kf2 Qh3 (45... Qf5 $142 46. Qe3 h5) 46. Qe5 $2 (46. Qd3 Qe6 47. g4) 46... Qh2+ 47. Ke3 Qg1+ 48. Kf4 (48. Kd2 $142 Qf2+ 49. Kd3 Qxf3+ 50. Kd2) 48... Qc1+ 49. Kg4 Qc5 50. Qb8+ Kh7 {( -> ...Be6+)} 51. Qb1+ Kg7 52. Qb2+ Kf7 {White must now prevent ...Qe3.} 53. Qh8 (53. Qd2 $19 Be6+ 54. Kf4) 53... Qc4+ {Black mates.} 54. Kh3 Qf1+ 0-1